Oxford illustrated to the history of modern science. (Record no. 115349)
[ view plain ]
| 000 -LEADER | |
|---|---|
| fixed length control field | 00452nam a2200157 a 4500 |
| 005 - DATE AND TIME OF LATEST TRANSACTION | |
| control field | 20140414132141.0 |
| 008 - FIXED-LENGTH DATA ELEMENTS--GENERAL INFORMATION | |
| fixed length control field | 140201s19uu xx 00 eng d |
| 020 ## - INTERNATIONAL STANDARD BOOK NUMBER | |
| International Standard Book Number | 9781603760362 |
| 050 ## - LIBRARY OF CONGRESS CALL NUMBER | |
| Classification number | REF 509 |
| Item number | Ox1 2008 |
| 245 ## - TITLE STATEMENT | |
| Title | Oxford illustrated to the history of modern science. |
| 260 ## - PUBLICATION, DISTRIBUTION, ETC. (IMPRINT) | |
| Place of publication, distribution, etc | New York : |
| Name of publisher, distributor, etc | Black Dog, Levents, |
| Date of publication, distribution, etc | c2008. |
| 300 ## - PHYSICAL DESCRIPTION | |
| Extent | 328 |
| 650 ## - SUBJECT ADDED ENTRY--TOPICAL TERM | |
| Topical term or geographic name as entry element | Science- |
| General subdivision | history |
| 700 ## - ADDED ENTRY--PERSONAL NAME | |
| Personal name | J.L. heilbron - editor in chief |
| Withdrawn status | Lost status | Damaged status | Use restrictions | Home library | Current library | Shelving location | Date acquired | Source of acquisition | Total Checkouts | Full call number | Barcode | Date last seen | Price effective from | Koha item type |
|---|---|---|---|---|---|---|---|---|---|---|---|---|---|---|
| Munich Library | Munich Library | Reference Section | 02/01/2014 | REF 509 Ox1 2008 | M7403 | 04/14/2014 | 04/14/2014 | Books |